| 000 | 01312nam a2200277Ia 4500 | ||
|---|---|---|---|
| 003 | OSt | ||
| 005 | 20200721173449.0 | ||
| 008 | 191128s2007 ck ad gr 000 0dspa d | ||
| 020 | _a9789586485142 | ||
| 040 |
_aCO-JMCR _cCO-JMCR |
||
| 041 | 0 | _aspa | |
| 082 | 0 | 4 |
_a330.9861 / _bO771e _223 |
| 100 | 1 |
_aOrtega, Cárdenas, Alfonso, _eautor _96943 |
|
| 245 | 1 | 0 |
_aEconomía colombiana / _cAlfonso Ortega Cárdenas |
| 250 | _aTercera edición | ||
| 260 |
_aBogotá : _bEcoe, _c2007, |
||
| 300 |
_a287 páginas : _bgráficos a blanco y negro ; _c24 cm. |
||
| 490 | 0 | _aTextos universitarios. Administración, economía y finanzas | |
| 500 | _aBibliografía: página 287 | ||
| 505 | 0 | _aEvolusión del concepto económico -- Formación de un sistema económico -- Organización bancaria en Colombia -- Organización bancaria en Colombia -- Bolsa de valores -- La privatización en Colombia -- El sector público en Colombia | |
| 520 | 0 | _aEconomía colombiana muestra las bases y conceptos históricos fundamentales que dieron origen a este tema primordial en la organización de una nación, así como su evolución en Colombia. | |
| 650 | 1 | 4 |
_aEconomía colombiana _xBancos _97576 |
| 650 | 2 | 4 |
_aColombia Indicadores económicos _zColombia _97577 |
| 650 | 2 | 4 |
_aOrganización _zColombia _97578 |
| 942 |
_2ddc _cBK |
||
| 999 |
_c5591 _d5591 |
||